• 首页
  • 本馆介绍
  • 公告通知
  • 最新文献
  • 馆藏检索
  • 电子资源
  • 读者导购
  • 参考咨询
  • 我的图书馆
  • 登录
  • 详细信息显示
  • 放入我的书架
  • 预约/预借图书
  • 作者相关作品
  • 分类相关作品
  • 丛书相关作品
  • 出版社相关作品

书目信息

  • 表格格式
  • 工作单格式
  • 卡片格式
题名:
气候变化影响与风险
    
 
作者: 丁文广 , 许端阳 著
分册:   气候变化对沙漠化影响与风险研究
出版信息: 北京   科学出版社  2017.4
页数: 181页
开本: 26cm
丛书名: 重点领域气候变化影响与风险丛书
单 册:
中图分类: P467 , P941.73
科图分类:
主题词: 气候变化--影响--沙漠化--风险评价
电子资源:
ISBN: 978-7-03-049296-8
000 01554nam 2200301 450
001 0400009198
005 20171119105226.0
010    @a978-7-03-049296-8@dCNY96.00
100    @a20170802d2017 em y0chiy50 ea
101 0  @achi
102    @aCN@b110000
105    @aab z 000yy
106    @ar
200 1  @a气候变化影响与风险@Aqi hou bian hua ying xiang yu feng xian@i气候变化对沙漠化影响与风险研究@f丁文广,许端阳著
210    @a北京@c科学出版社@d2017.4
215    @a181页@c图,地图@d26cm
225 2  @a重点领域气候变化影响与风险丛书
300    @a“十二五”国家科技支撑计划项目
330    @a本书共7章,第1章对沙漠化研究的背景、意义及国内外研究现状、研究目的及思路进行了介绍;第2章将中国北方的沙漠化研究区分成3个大区和20个小区,并对各个地区的地理人文环境进行了简要的描述;第3章对中国北方20世纪70年代以来的沙漠化土地变化状况进行了遥感影像解译和分类,得出中国北方及各个地方研究区的沙漠化土地面积变化状况;第4章对沙漠化过程中的非气候因素作用进行了定量分离;第5章对气候变化对沙漠化的影响进行了评估;第6章对未来30年气候变化对沙漠化的可能影响进行了风险评估,得出不同气候变化情景下的未来沙漠化风险状况;第7章对我国未来沙漠化的治理提出了一些对策建议。
410  0 @12001 @a重点领域气候变化影响与风险丛书
517 1  @a气候变化对沙漠化影响与风险研究@Aqi hou bian hua dui sha mo hua ying xiang yu feng xian yan jiu
606 0  @a气候变化@x影响@x沙漠化@x风险评价
690    @aP467@v5
690    @aP941.73@v5
701  0 @a丁文广@Ading wen guang@4著
701  0 @a许端阳@Axu duan yang@4著
801  0 @aCN@b上海新华@c20171119
905    @b1028597-601@dP467@e97@f5
    
    气候变化影响与风险.气候变化对沙漠化影响与风险研究/丁文广,许端阳著.-北京:科学出版社,2017.4
    181页:图,地图;26cm.-(重点领域气候变化影响与风险丛书)
    “十二五”国家科技支撑计划项目
    
    ISBN 978-7-03-049296-8:CNY96.00
    本书共7章,第1章对沙漠化研究的背景、意义及国内外研究现状、研究目的及思路进行了介绍;第2章将中国北方的沙漠化研究区分成3个大区和20个小区,并对各个地区的地理人文环境进行了简要的描述;第3章对中国北方20世纪70年代以来的沙漠化土地变化状况进行了遥感影像解译和分类,得出中国北方及各个地方研究区的沙漠化土地面积变化状况;第4章对沙漠化过程中的非气候因素作用进行了定量分离;第5章对气候变化对沙漠化的影响进行了评估;第6章对未来30年气候变化对沙漠化的可能影响进行了风险评估,得出不同气候变化情景下的未来沙漠化风险状况;第7章对我国未来沙漠化的治理提出了一些对策建议。
●
相关链接 在E读中查询图书 在五车中查询图书 在当当中查询图书 在豆瓣中查询图书


正题名:气候变化影响与风险     索取号:P467/97         预约/预借

序号 登录号 条形码 馆藏地/架位号 状态 备注
1 1028597   210285975   第二样本阅览室/ [索取号:P467/97] 在馆    
2 1028598   210285984   密集书库-生命科学系/ [索取号:P467/97] 在馆    
3 1028599   210285993   第三借阅区/ [索取号:P467/97] 在馆    
4 1028600   210286000   第三借阅区/ [索取号:P467/97] 在馆    
5 1028601   210286019   第三借阅区/ [索取号:P467/97] 在馆    
唐山师范学院图书馆 欢迎您!
大连网信软件有限公司© 版权所有